Existentialism and the modern predicament

Saved in:
Bibliographic Details
Main Author: Heinemann, F. H. (Frederick Henry), 1889-1970
Format: Book
Language:English
Published: New York : Harper, [1958]
Series:(Harper torchbooks)
Subjects:
Tags: Add Tag
No Tags, Be the first to tag this record!

MARC

LEADER 00000cam a2200000 a 4500
001 1/113309
008 170309r19581953nyu| ||| |||| ||eng||
040 |a GR-MyUa  |b gre  |c GR-MyUa  |e AACR2 
041 0 |a eng 
082 7 |a 111   |2 (23)  
100 1 |a Heinemann, F. H.   |q (Frederick Henry),   |d 1889-1970. 
245 1 0 |a Existentialism and the modern predicament /   |c F. H. Heinemann.  
260 |a New York :   |b Harper,   |c [1958]  
300 |a vii, 211 σ. ;   |c 23 εκ.  
490 0 |a (Harper torchbooks) 
504 |a Βιβλιογραφία: σ. 203-207.  
650 0 |a Existentialism. 
852 |a INST  |b LESVOS  |e 20170309  |h 111 HEI  |p 005100058860  |q 005100058860  |t BK  |y 0 
970 |a Τζαφέρη  |b Ευαγγελία  |z 09-03-2017